Aire dividido : (Record no. 206010)

MARC details
000 -CABECERA
campo de control de longitud fija 00865cam a2200229 u 4500
005 - FECHA Y HORA DE LA ÚLTIMA TRANSACCIÓN
campo de control 20230605143736.0
008 - ELEMENTOS DE LONGITUD FIJA--INFORMACIÓN GENERAL
campo de control de longitud fija 191107s2000 mx fr 000 0 spa|d
020 ## - NÚMERO INTERNACIONAL NORMALIZADO PARA LIBROS
Número Internacional Estándar del Libro 9681209524
035 ## - NÚMERO DE CONTROL DEL SISTEMA
Número de control de sistema UPN01000233915
040 ## - FUENTE DE LA CATALOGACIÓN
Centro catalogador/agencia de origen MX-MxUPN
Lengua de catalogación spa
Centro/agencia transcriptor MX-MxUPN
050 14 - SIGNATURA TOPOGRÁFICA DE LA BIBLIOTECA DEL CONGRESO
Número de clasificación HN120 C5
Número de documento/Ítem L4.9
100 1# - ASIENTO PRINCIPAL--NOMBRE PERSONAL
Nombre de persona Lezama de la Torre, José Luis,
9 (RLIN) 36220
Fechas asociadas al nombre 1952-
245 10 - MENCIÓN DE TÍTULO
Título Aire dividido :
Resto del título crítica a la política del aire en el valle de México, 1979-1996 /
Mención de responsabilidad, etc. José Luis Lezama.
260 ## - PUBLICACIÓN, DISTRIBUCIÓN, ETC.
Lugar de publicación, distribución, etc. México, D.F. :
Nombre del editor, distribuidor, etc. El Colegio de México, Centro de Estudios Demográficos y Desarrollo Urbano ,
Fecha de publicación, distribución, etc. 2000.
300 ## - DESCRIPCIÓN FÍSICA
Extensión 330 p.
530 ## - NOTA DE FORMATO FÍSICO ADICIONAL DISPONIBLE
Nota de formato físico adicional disponible Disponible en línea
650 #7 - ASIENTO SECUNDARIO DE MATERIA - TERMINO TEMATICO
Término de materia o nombre geográfico como elemento de entrada Aire
Subdivisión general Contaminación
-- Aspectos sociales
Subdivisión geográfica Ciudad de México
Fuente del encabezamiento o término
9 (RLIN) 43961
856 40 - LOCALIZACIÓN Y ACCESO ELECTRÓNICOS
Identificador Uniforme del Recurso <a href="https://www.jstor.org/stable/j.ctv3f8q8s">https://www.jstor.org/stable/j.ctv3f8q8s</a>
Texto de enlace Texto completo
905 ## - TIPO DE MATERIAL
Tipo de material Libro
942 ## - ELEMENTOS DE PUNTO DE ACCESO ADICIONAL (KOHA)
Fuente del sistema de clasificación o colocación Library of Congress Classification
Tipo de ítem Koha Libro
Holdings
Estado de retiro Estado de pérdida Fuente del sistema de clasificación o colocación Estado dañado No para préstamo Código de colección Localización permanente Ubicación/localización actual Ubicación en estantería Fecha de adquisición Clasificación Código de barras Fecha visto por última vez Tipo de ítem Koha
    Library of Congress Classification     Colección General Bib. Gregorio Torres Quintero Bib. Gregorio Torres Quintero Planta baja 11/03/2022 HN120 C5 L4.9 333680 31/12/2020 Libro